书目信息 |
| 题名: |
妇产科护理学
|
|
| 作者: | 陈芬 , 王莉杰 主编 | |
| 分册: | ||
| 出版信息: | 西安 西安交通大学出版社 2016.10 |
|
| 页数: | 259页 | |
| 开本: | 26cm | |
| 丛书名: | 国家护士执业资格考试同步考点精讲系列 | |
| 单 册: | ||
| 中图分类: | R473.71 | |
| 科图分类: | ||
| 主题词: | 妇产科学--fu chan ke xue--护理学--资格考试--自学参考资料 | |
| 电子资源: | ||
| ISBN: | 978-7-5605-9091-2 | |
| 000 | 01206nam 2200277 450 | |
| 001 | CAL 0120162062912 | |
| 005 | 20171211152100.35 | |
| 010 | @a978-7-5605-9091-2@b@dCNY36.00 | |
| 100 | @a20161124d2016 em y0chiy50 ea | |
| 101 | 0 | @achi |
| 102 | @aCN@b610000 | |
| 105 | @aak z 000yy | |
| 106 | @ar | |
| 200 | 1 | @a妇产科护理学@Afu chan ke hu li xue@f陈芬, 王莉杰主编@Fchen fen,wang li jie zhu bian@g |
| 210 | @a西安@c西安交通大学出版社@d2016.10 | |
| 215 | @a259页@c图@d26cm | |
| 225 | 2 | @a国家护士执业资格考试同步考点精讲系列@Aguo jia hu shi zhi ye zi ge kao shi tong bu kao dian jing jiang xi lie |
| 330 | @a本书是在上一版的基础上, 根据最新《国家护士执业资格考试考试大纲》的要点对《妇产科护理学》进行考点解析、精讲 ; 围绕考试要点, 结合护理专业现行教材, 在考点的基础上进行基本知识、基本技能和技术方法的拓展 ; 结合学生的认知前提, 以考点为指针, 选择模拟真题进行训练。 | |
| 410 | 0 | @12001 @a国家护士执业资格考试同步考点精讲系列 |
| 606 | 0 | @a妇产科学@Afu chan ke xue@x护理学@x资格考试@j自学参考资料 |
| 690 | @aR473.71@v5 | |
| 701 | 0 | @a陈芬@Achen fen@4主编 |
| 701 | 0 | @a王莉杰@Awang li jie@4主编 |
| 801 | 0 | @aCN@b人天书店@c20161124@g |
| 905 | @aBZT@dR473.71@e12 | |
| 906 | @dCNY36.00@n3@r1 | |
| 妇产科护理学/陈芬, 王莉杰主编.-西安:西安交通大学出版社,2016.10 |
| 259页:图;26cm.-(国家护士执业资格考试同步考点精讲系列) |
| ISBN 978-7-5605-9091-2:CNY36.00 |
| 本书是在上一版的基础上, 根据最新《国家护士执业资格考试考试大纲》的要点对《妇产科护理学》进行考点解析、精讲 ; 围绕考试要点, 结合护理专业现行教材, 在考点的基础上进行基本知识、基本技能和技术方法的拓展 ; 结合学生的认知前提, 以考点为指针, 选择模拟真题进行训练。 |
| ● |
| 相关链接 |
|
|
|
正题名:妇产科护理学
索取号:R473.71/12
 
预约/预借
| 序号 | 登录号 | 条形码 | 馆藏地/架位号 | 状态 | 备注 |
| 1 | 840071 | 2000840071 | 第二书库/ [索取号:R473.71/12] | 在馆 | |
| 2 | 840072 | 2000840072 | 第二书库/ [索取号:R473.71/12] | 在馆 | |
| 3 | 840073 | 2000840073 | 第二书库/ [索取号:R473.71/12] | 在馆 |